[Event "GRE-ch U10"]
[Site "Peristeri"]
[Date "2023.07.04"]
[Round "2"]
[White "Ioannidis, Konstantinos I"]
[Black "Gkatsos, Georgios"]
[Result "1-0"]
[WhiteElo "1361"]
[BlackElo "1049"]
[PlyCount "65"]
[EventDate "2023.07.03"]
[EventType "swiss"]
[EventRounds "9"]
[EventCountry "GRE"]
[SourceTitle "EXT 2024"]
[Source "ChessBase"]
[SourceDate "2023.10.10"]
[SourceVersion "1"]
[SourceVersionDate "2023.10.10"]
[SourceQuality "1"]

1. d4 e6 2. c4 b6 3. Nc3 Bb7 4. a3 Nf6 5. Bg5 Be7 6. e3 0-0 7. Nf3 h6 8. Bh4 d6 9. Be2 Nbd7 10. 0-0 c5 11. Bxf6 Nxf6 12. d5 e5 13. e4 Bc8 14. h3 Nh5 15. Nxe5 dxe5 16. Bxh5 a6 17. Bg4 Bg5 18. Bxc8 Qxc8 19. Na4 Rb8 20. Qc2 Bf4 21. b4 cxb4 22. axb4 b5 23. Nc5 bxc4 24. Qxc4 Bd2 25. Rfb1 Qc7 26. Rxa6 Rfc8 27. Rc6 Qd8 28. Na6 Rxc6 29. dxc6 Rc8 30. c7 Qe7 31. Rd1 Bg5 32. b5 Bf4 33. b6 1-0